000 00402nam a22001097a 4500
082 _a0080/SHA
100 _aरॉबिन , शर्मा
_972818
245 _aजियो शान से 30 दिन मई हासिल करे दिव्या जीवन Megaliving
260 _aMumbai
_bJaico
_c2024
650 _aव्यक्तित्व विकास
_965212
942 _cHIN
999 _c67794
_d67794